Statystyki dla CO WKŁADAMY DO UCHA?

Kliknij tutaj aby rozwiązać quiz!

Ogólne statystyki

  • Ten quiz został rozwiązany 92 razy
  • Średni wynik to 3 z 7

Statystyki odpowiedzi

Odpowiedź% Poprawnych
SŁUCHAWKI
89%
PALCE
45%
PATYCZKI DO USZU
41%
KOLCZYKI
38%
APARAT SŁUCHOWY
31%
ZATYCZKI DO USZU
29%
MASZYNKĘ DO GOLENIA
1%

Rozkład punktacji

Percentyl według liczby udzielonych odpowiedzi

Procent ludzi z każdym wynikiem

Twoja historia wyników

Nie rozwiązałeś tego quizu